| 000 | 00582cab a22001815a 4500 | ||
|---|---|---|---|
| 001 | L156936 | ||
| 008 | 120731s2012 xxk f s 000 0 eng d | ||
| 035 | _a(Sirsi) u156936 | ||
| 041 | 0 | _aeng | |
| 245 | 0 | 0 | _aBuilding information modelling |
| 260 | _c2012 | ||
| 490 | 0 |
_aBuilding Engineer _v87(8) August 2012, 31(1) |
|
| 520 | _aDetails of a seven stage framework to improve use of BIM, developed by the working group of representatives of organisations involved with the CIC and BIM forum. | ||
| 590 | _aKA | ||
| 651 | 4 |
_aUnited Kingdom _y |
|
| 690 |
_aBIM _96219 |
||
| 942 | _n0 | ||
| 999 |
_c84204 _d84204 |
||